000 00440nmm a2200145Ia 4500
008 251105s9999||||xx |||||||||||||||||und||
041 _aspa
100 _aDHoldan, Joaquín
245 0 _aEstuario
264 _a[Madrid, España] :
_bAnantes Gestoría Cultural,
_c[Fecha de publicación no identificada]
300 _a0 páginas
650 _aHistorical fiction
856 _uhttps://public.digitaliapublishing.com/a/84016
942 _cCF
999 _c103951
_d103951